Acteurs et Actrices avec initiales communes - Statistiques

Statistiques générales
  • Ce quiz a été pris 45 fois
  • Le résultat moyen est 6 sur 20
Statistiques - réponses
Définition Star % Correct
En plus d'avoir jouer dans Harry Potter et la Coupe de Feu, on le voit davantage dans Twilight Robert Pattinson
74%
Cette française joue dans Taxi, Big Fish, Inception mais aussi le rôle de Cléopâtre dans Astérix et Obélix dans l'Empire du milieu Marion Cotillard
70%
Harry Potter lui meme Daniel Radcliffe
67%
Il joue le célèbre tétraplégique dans Intouchables avec Omar Sy François Cluzet
65%
Il joue un receveur de Postes dans Bienvenue chez les Ch'tis Kad Merad
58%
Will dans Pirates des Caraïbes Orlando Bloom
47%
On aurait pu se faire tuer, ou pire, être renvoyés!!! Emma Watson
42%
Il incarne Frodon pour amener l'anneau unique jusqu'à la Montagne du Destin Elijah Wood
37%
Elle incarne Barbara dans la série à succès Plus belle la vie Léa François
28%
Il joue Alfred Pennyworth dans la trilogie The Dark Knight Michael Caine
26%
Cet acteur à créer son propre art martial, le Jeet Kune Do Bruce Lee
23%
C'est Morpheus dans tous les films Matrix Laurence Fishburne
23%
Les rôles de Samia Nassri sur F3 puis TF1, et enfin Jeanne Lorieux dans Section de recherche Fabienne Carat
12%
C'est la femme de Nathan Scott dans Les Frères Scott Bethany Joy Lenz
9%
C'est Charlie Blackwood dans Top Gun en 1986 Kelly McGillis
7%
Elle joue Veronika Vanderberg dans Insaisissables 3 Rosamund Pike
7%
Elle joue Judith Chabrier dans "Tu veux ou tu veux pas" de Tonie Marshall Sophie Marceau
7%
En 2003 elle apparaît en tant que Annie Logan dans Scary Movie 3 de David Zucker Denise Richards
5%
Dans NCIS il été le rôle principal lors de la saison 2 en incarnant Timothy McGee Sean Murray
2%
Elle joue Chloé dans L'Échappée Belle et vit avec Romain Duris Olivia Bonamy
0%
Aucun quiz correspondant
Distribution des résultats
% des personnes avec chaque résultat
Percentile par nombre de réponses
Votre historique - résultats
Vous n’avez pas pris ce quiz